000 01832nam a2200385 c 4500
999 _c114413
_d114413
003 BLK
005 20241025005438.0
008 180409b bul|||||r ||||||| ||bul||
010 _aKNG00119844000
040 _aBLK
041 _aBUL
_cBUL
080 _aБългарска литература
_b821.163.2
_x(081)
_z821.163.2(081)
080 _aБългарска литература
_b821.163.2
_x-32
_z821.163.2-32
100 _aЙовков, Йордан Стефанов
_d1880-1937
_gПисател класик - белетрист, драматург, майстор на късия разказ
_9363298
139 _aЙовков, Йордан Стефанов
_bИ 77
245 1 0 _aСъбрани съчинения
_bВ 6 т.
_cЙордан Стефанов Йовков; под ред. на Симеон Султанов; ред. на том Светла Гюрова.
_nТ. 3
_pЖенско сърце : Ако можеха да говорят
250 _a3. изд.
257 _aBGR
260 _bБълг. писател
_c1982 -
_fСофия : Д. Благоев
_aСофия
300 _c21 см
_a312 с.
_b4 л. ил., портр.
380 _aX
500 _a1. изд. 1970-1973.
505 _gРазкази
_tАко можеха да говорят
700 1 _aСултанов, Симеон
_eпод ред. на
_9370638
700 1 _aГюрова, Светла
_eред. на том
_9369276
760 1 _aЙовков, Йордан Стефанов
_b3. изд.
_d1983
_h312 с. : 4 л. ил., портр.
_tТ. 3 Женско сърце
852 _aЦб 117911
_bЦб
856 4 _qpdf
856 4 _qpdf
942 _cKNG
_n0
_s1
944 _aCR
_c13.10.2010
_lCRON CRON
_k
944 _aED
_c13.10.2010
_lдобави в АБ / 13.10.2010
944 _aED
_c2022-05-10
999 _d114413